[Event "Leca da Palmeira op"]
[Site "Leca da Palmeira POR"]
[Date "2022.08.05"]
[Round "9.5"]
[White "Spraggett, Kevin"]
[Black "Buscara, Sevan"]
[Result "1-0"]
[WhiteElo "2487"]
[BlackElo "2404"]
[PlyCount "115"]
[EventDate "2022.07.31"]
[EventType "swiss"]
[EventRounds "9"]
[EventCountry "POR"]
[Source "ChessMix"]
[SourceDate "2022.08.10"]

1. Nf3 d5 2. g3 Bg4 3. Bg2 Nd7 4. O-O e6 5. b3 Ngf6 6. Bb2 Be7 7. c4 c6 8. d3
O-O 9. Na3 h6 10. Nc2 Re8 11. Ne3 Bh5 12. a3 Bf8 13. Re1 Bg6 14. Rc1 a5 15. h3
Bh7 16. Ng4 Nxg4 17. hxg4 e5 18. cxd5 cxd5 19. Bh3 e4 20. dxe4 dxe4 21. Nd4 Qg5
22. Ne6 Rxe6 23. Qxd7 Rd8 24. Qxb7 h5 25. gxh5 Rh6 26. Rc8 Rxc8 27. Qxc8 Qxh5
28. Kg2 f5 29. Qc4+ Kh8 30. Rh1 f4 31. Qc8 f3+ 32. Kg1 Qc5 33. exf3 exf3 34.
Bg4 Qxc8 35. Bxc8 Rd6 36. Rh4 Rd1+ 37. Kh2 Rd2 38. Bd4 Be7 39. Rf4 Bxa3 40. Bb7
Bd6 41. Rg4 Bf5 42. Rh4+ Kg8 43. Be3 Rd3 44. Ba6 Rd1 45. Bc4+ Kf8 46. Rh8+ Ke7
47. Ra8 Bb4 48. Ra7+ Kf6 49. Ra6+ Rd6 50. Ra8 g6 51. Rf8+ Ke7 52. Rf7+ Ke8 53.
Ra7 Be6 54. Bf4 Rd7 55. Bb5 Bc5 56. Ra6 Bxb3 57. Bg5 Bd5 58. Rxa5 1-0

[Event "Vila Nova de Famalicao POR, 9th Open"]
[Site "Famalicao POR"]
[Date "2022.07.25"]
[Round "1.2"]
[White "Cabete, Manuel"]
[Black "Spraggett, Kevin"]
[Result "1/2-1/2"]
[WhiteElo "1373"]
[BlackElo "2487"]
[PlyCount "72"]
[EventDate "2022.07.25"]
[EventType "tourn"]
[EventRounds "9"]
[EventCountry "POR"]
[Source "ChessMix"]
[SourceDate "2022.08.01"]

1. e4 c5 2. Nf3 e6 3. d4 cxd4 4. Nxd4 Nc6 5. Nc3 Qc7 6. Be3 a6 7. Qf3 Nf6 8.
O-O-O d6 9. Kb1 Bd7 10. Qg3 Rc8 11. f3 Nxd4 12. Bxd4 e5 13. Be3 b5 14. Qf2 h6
15. Nd5 Nxd5 16. Rxd5 Be6 17. Rd2 Be7 18. h4 Qa5 19. b3 Qc3 20. Rd3 Qc6 21. g3
O-O 22. g4 d5 23. exd5 Bxd5 24. Bg2 Rfd8 25. g5 h5 26. Rhd1 e4 27. fxe4 Bxe4
28. Rxd8+ Bxd8 29. Bxe4 Qxe4 30. Rf1 Qg6 31. Qf5 Qxf5 32. Rxf5 Be7 33. Kc1 Re8
34. Kd2 Bd6 35. Bf2 Be5 36. Rf3 Rc8 1/2-1/2

[Event "Vila Nova de Famalicao POR, 9th Open"]
[Site "Famalicao POR"]
[Date "2022.07.26"]
[Round "4.7"]
[White "Ribeiro, Rodrigo"]
[Black "Spraggett, Kevin"]
[Result "0-1"]
[WhiteElo "1903"]
[BlackElo "2487"]
[PlyCount "43"]
[EventDate "2022.07.25"]
[EventType "tourn"]
[EventRounds "9"]
[EventCountry "POR"]
[Source "ChessMix"]
[SourceDate "2022.08.01"]

1. d4 Nf6 2. c4 d6 3. Nc3 Nbd7 4. e4 e5 5. d5 g6 6. Bd3 Bg7 7. Nge2 O-O 8. O-O
Nh5 9. Rb1 f5 10. f4 exf4 11. exf5 Ne5 12. fxg6 Nxd3 13. gxh7+ Kh8 14. Qxd3 Bf5
15. Qf3 Bxb1 16. Qxh5 Qc8 17. Qf3 Bxh7 18. Bxf4 a6 19. g4 b5 20. cxb5 axb5 21.
a3 Rb8 22. Nc1 0-1

[Event "Vila Nova de Famalicao POR, 9th Open"]
[Site "Famalicao POR"]
[Date "2022.07.27"]
[Round "6.4"]
[White "Rodriguez Lopez, Rafael"]
[Black "Spraggett, Kevin"]
[Result "1-0"]
[WhiteElo "2172"]
[BlackElo "2487"]
[PlyCount "91"]
[EventDate "2022.07.25"]
[EventType "tourn"]
[EventRounds "9"]
[EventCountry "POR"]
[Source "ChessMix"]
[SourceDate "2022.08.01"]

1. e4 c5 2. Nf3 e6 3. d4 cxd4 4. Nxd4 Nc6 5. Nc3 Qc7 6. g3 a6 7. Bg2 d6 8. Nxc6
bxc6 9. O-O Bb7 10. Na4 Nf6 11. c4 c5 12. Nc3 Be7 13. b3 Nd7 14. f4 O-O 15. Bb2
Rad8 16. Qe2 Bf6 17. Rad1 Bd4+ 18. Kh1 Rfe8 19. g4 d5 20. cxd5 exd5 21. e5 Bxc3
22. Bxc3 Nf6 23. Qf3 Ne4 24. Ba1 Ba8 25. Qd3 a5 26. Qc2 Rc8 27. Rc1 Qb8 28. Qd3
Qb4 29. Rc2 a4 30. Rfc1 axb3 31. axb3 Rb8 32. Kg1 h6 33. Qe3 Qa3 34. Bxe4 dxe4
35. Rxc5 Rxb3 36. R5c3 Rxc3 37. Qxc3 Qa7+ 38. Qd4 Qa3 39. Qc3 Qa2 40. Qb2 Qa6
41. f5 e3 42. e6 f6 43. Rc7 Qa4 44. Qd4 Qb5 45. Rxg7+ Kh8 46. Rb7 1-0

[Event "Vila Nova de Famalicao POR, 9th Open"]
[Site "Famalicao POR"]
[Date "2022.07.28"]
[Round "7.8"]
[White "Spraggett, Kevin"]
[Black "Anishka Vikram"]
[Result "1-0"]
[WhiteElo "2487"]
[BlackElo "1871"]
[PlyCount "81"]
[EventDate "2022.07.25"]
[EventType "tourn"]
[EventRounds "9"]
[EventCountry "POR"]
[Source "ChessMix"]
[SourceDate "2022.08.01"]

1. c4 e6 2. Nf3 Nf6 3. g3 Be7 4. Bg2 d5 5. O-O O-O 6. b3 b6 7. Bb2 c6 8. e3
Nbd7 9. d3 Bb7 10. Qe2 c5 11. Nc3 Rc8 12. Rfd1 Re8 13. Rac1 Bf8 14. Rc2 Ba8 15.
e4 d4 16. Nb1 Qc7 17. Bh3 Qc6 18. Nbd2 e5 19. Bc1 Rcd8 20. Re1 Bb7 21. Nh4 Qc7
22. Rf1 Nb8 23. Rb2 Bc8 24. Bxc8 Qxc8 25. Ndf3 g6 26. Kh1 Nc6 27. Ng1 Bg7 28.
a3 Rf8 29. b4 Qc7 30. f4 Rb8 31. b5 Ne7 32. f5 Qd6 33. g4 h6 34. g5 hxg5 35.
Bxg5 Nd7 36. fxg6 Nxg6 37. Nf5 Qe6 38. Qh5 Bh8 39. Rg2 Rfe8 40. Nh6+ Kg7 41.
Rxf7+ 1-0

[Event "Vila Nova de Famalicao POR, 9th Open"]
[Site "Famalicao POR"]
[Date "2022.07.29"]
[Round "8.6"]
[White "Akshit, Kumar J"]
[Black "Spraggett, Kevin"]
[Result "0-1"]
[WhiteElo "2103"]
[BlackElo "2487"]
[PlyCount "44"]
[EventDate "2022.07.25"]
[EventType "tourn"]
[EventRounds "9"]
[EventCountry "POR"]
[Source "ChessMix"]
[SourceDate "2022.08.01"]

1. e4 c5 2. Nf3 d6 3. d4 cxd4 4. Nxd4 Nf6 5. Nc3 a6 6. Be2 e6 7. Be3 Qc7 8. f4
Be7 9. O-O O-O 10. Kh1 b5 11. a3 Bb7 12. Bf3 Nbd7 13. Nb3 Rac8 14. g4 d5 15.
exd5 Nxd5 16. Nxd5 exd5 17. g5 Rfe8 18. Bxd5 Bxa3 19. Rxa3 Rxe3 20. Qd2 Qc4 21.
Rd1 Bxd5+ 22. Qxd5 Re1+ 0-1

[Event "Vila Nova de Famalicao POR, 9th Open"]
[Site "Famalicao POR"]
[Date "2022.07.30"]
[Round "9.4"]
[White "Spraggett, Kevin"]
[Black "Monteiro, Paulo Alexandre G"]
[Result "1/2-1/2"]
[WhiteElo "2487"]
[BlackElo "1980"]
[PlyCount "87"]
[EventDate "2022.07.25"]
[EventType "tourn"]
[EventRounds "9"]
[EventCountry "POR"]
[Source "ChessMix"]
[SourceDate "2022.08.01"]

1. Nf3 c5 2. c4 b6 3. g3 Nf6 4. Bg2 Bb7 5. O-O e6 6. Nc3 d6 7. Re1 Be7 8. e4
Nbd7 9. d3 O-O 10. h3 a6 11. Nh2 Ne5 12. f4 Nc6 13. Nf3 Nd7 14. g4 Nd4 15. Nxd4
cxd4 16. Ne2 e5 17. Rf1 b5 18. b3 b4 19. Kh1 Nc5 20. Ng1 a5 21. Nf3 a4 22. Rb1
axb3 23. axb3 Nd7 24. Qe2 h6 25. Rg1 Ra7 26. f5 Nc5 27. Rb2 Ra1 28. Bd2 Rxg1+
29. Kxg1 Qb6 30. g5 hxg5 31. Bxg5 Bxg5 32. Nxg5 f6 33. Nf3 Ra8 34. Nh4 Qa5 35.
Kh2 Qa1 36. Rd2 Nxb3 37. Rd1 Qa2 38. Qh5 Qf2 39. Ng6 Qe3 40. Rb1 Qxd3 41. Ne7+
Kf8 42. Ng6+ Kg8 43. Ne7+ Kf8 44. Ng6+ 1/2-1/2

[Event "Figueira da Foz op"]
[Site "Figueira da Foz POR"]
[Date "2021.11.01"]
[Round "1.2"]
[White "Gauche, Eduardo"]
[Black "Spraggett, Kevin"]
[Result "0-1"]
[WhiteElo "1969"]
[BlackElo "2495"]
[PlyCount "82"]
[EventDate "2021.11.01"]
[EventType "swiss"]
[EventRounds "9"]
[EventCountry "POR"]
[Source "ChessMix"]
[SourceDate "2021.11.10"]

1. d4 Nf6 2. Nf3 d6 3. g3 g6 4. Bg2 Bg7 5. O-O O-O 6. c4 Nbd7 7. Nc3 e5 8. b3
Re8 9. dxe5 dxe5 10. Bb2 h6 11. e4 c6 12. h3 Nh7 13. Qd6 Nhf8 14. Rad1 Ne6 15.
Na4 Bf8 16. Qd2 Qc7 17. Kh2 a6 18. c5 Nexc5 19. Nxc5 Nxc5 20. Nxe5 Rxe5 21. Qf4
Bg7 22. Bxe5 Bxe5 23. Qxh6 Qe7 24. Qd2 Bc7 25. Rfe1 a5 26. f4 Bd7 27. Qc3 Re8
28. a3 Bc8 29. b4 axb4 30. axb4 Na6 31. Rb1 Bd6 32. b5 cxb5 33. Red1 b4 34. Qc4
Rf8 35. e5 Bc5 36. Qb5 Nc7 37. Qe2 b6 38. g4 Ba6 39. Qe4 Nb5 40. Qc6 Nc3 41.
Rd7 Bb5 0-1

[Event "Figueira da Foz op"]
[Site "Figueira da Foz POR"]
[Date "2021.11.01"]
[Round "2.2"]
[White "Spraggett, Kevin"]
[Black "Walter, Szymon"]
[Result "1/2-1/2"]
[WhiteElo "2495"]
[BlackElo "2277"]
[PlyCount "38"]
[EventDate "2021.11.01"]
[EventType "swiss"]
[EventRounds "9"]
[EventCountry "POR"]
[Source "ChessMix"]
[SourceDate "2021.11.10"]

1. e4 c5 2. Nc3 Nc6 3. g3 g6 4. Bg2 Bg7 5. d3 d6 6. Be3 e5 7. Qd2 Nd4 8. Nd1 h5
9. h4 Ne7 10. c3 Ne6 11. Qe2 d5 12. exd5 Nxd5 13. Bd2 O-O 14. Nh3 Qd6 15. Ne3
Nxe3 16. Bxe3 Rb8 17. O-O b6 18. Rad1 Bb7 19. Ng5 Bxg2 1/2-1/2

[Event "Figueira da Foz op"]
[Site "Figueira da Foz POR"]
[Date "2021.11.01"]
[Round "3.5"]
[White "Silva, Pedro Gil Ferreira"]
[Black "Spraggett, Kevin"]
[Result "1-0"]
[WhiteElo "2126"]
[BlackElo "2495"]
[PlyCount "61"]
[EventDate "2021.11.01"]
[EventType "swiss"]
[EventRounds "9"]
[EventCountry "POR"]
[Source "ChessMix"]
[SourceDate "2021.11.10"]

1. e4 d5 2. exd5 Qxd5 3. Nc3 Qa5 4. Bc4 Nf6 5. d3 c6 6. Bd2 Qc7 7. Qe2 e6 8.
Nf3 Nbd7 9. O-O Be7 10. Rfe1 Nb6 11. Bb3 O-O 12. d4 Nbd5 13. Ne5 b6 14. Nxd5
cxd5 15. c3 Bb7 16. Bc2 Bd6 17. Qd3 g6 18. Bh6 Rfc8 19. Qf3 Nh5 20. Re3 Ng7 21.
Ng4 Ne8 22. Rae1 Qe7 23. Bf4 Rc7 24. Bxd6 Nxd6 25. Qf4 Ne8 26. Qe5 Qh4 27. Bd1
h5 28. Rh3 Qe7 29. Nh6+ Kh7 30. Bxh5 gxh5 31. Rxh5 1-0

[Event "Figueira da Foz op"]
[Site "Figueira da Foz POR"]
[Date "2021.11.02"]
[Round "4.10"]
[White "Spraggett, Kevin"]
[Black "Junior, Ednasia"]
[Result "1-0"]
[WhiteElo "2495"]
[BlackElo "1868"]
[PlyCount "59"]
[EventDate "2021.11.01"]
[EventType "swiss"]
[EventRounds "9"]
[EventCountry "POR"]
[Source "ChessMix"]
[SourceDate "2021.11.10"]

1. c4 Nf6 2. Nf3 e6 3. d4 Bb4+ 4. Nbd2 c5 5. a3 Qa5 6. e3 cxd4 7. exd4 d5 8.
Rb1 Bd6 9. c5 Be7 10. Bd3 Qc7 11. O-O O-O 12. b4 b6 13. Qe2 Nh5 14. g3 f5 15.
Nb3 Nf6 16. Bf4 Qd8 17. Rbc1 Ne4 18. Rc2 Qe8 19. Ne5 Qa4 20. Rb1 bxc5 21. Nxc5
Bxc5 22. dxc5 a6 23. f3 Nf6 24. c6 h6 25. Be3 Ne8 26. Rc5 a5 27. Bb5 Ba6 28.
Bxa4 Bxe2 29. b5 Nc7 30. b6 1-0

[Event "Figueira da Foz op"]
[Site "Figueira da Foz POR"]
[Date "2021.11.03"]
[Round "5.7"]
[White "Santos, Antonio P"]
[Black "Spraggett, Kevin"]
[Result "1/2-1/2"]
[WhiteElo "2194"]
[BlackElo "2495"]
[PlyCount "182"]
[EventDate "2021.11.01"]
[EventType "swiss"]
[EventRounds "9"]
[EventCountry "POR"]
[Source "ChessMix"]
[SourceDate "2021.11.10"]

1. d4 Nf6 2. c4 e6 3. Nf3 b6 4. a3 Bb7 5. Nc3 d5 6. cxd5 exd5 7. Bg5 Be7 8. e3
O-O 9. Be2 Nbd7 10. O-O c5 11. Qc2 Rc8 12. Rfd1 Ne4 13. Bxe7 Qxe7 14. Qa4 cxd4
15. Nxe4 dxe4 16. Nxd4 Nc5 17. Qb4 Qg5 18. Rd2 h5 19. h3 Rfd8 20. Bf1 Nd3 21.
Qa4 a6 22. Rad1 Rd5 23. Rc2 Nc5 24. Qb4 Qf6 25. Qd2 Rcd8 26. Qc3 R8d7 27. Rcd2
b5 28. b4 Ne6 29. Qb2 h4 30. Be2 Ng5 31. Bg4 Rd8 32. Qc3 g6 33. Qc7 Ba8 34. Qf4
Qxf4 35. exf4 Nh7 36. Nb3 Nf6 37. Rxd5 Nxd5 38. f5 Kg7 39. fxg6 Kxg6 40. Nc5 f5
41. Be2 Rd6 42. a4 bxa4 43. Nxa4 Kf6 44. Nc5 Ke5 45. Nxa6 Rb6 46. Ra1 Bb7 47.
b5 Nc3 48. Bf1 Nxb5 49. Nc5 Bc6 50. Ra6 Rxa6 51. Nxa6 Nc3 52. Nc5 f4 53. Ba6
Bd5 54. Nd7+ Kd4 55. Nf6 e3 56. fxe3+ fxe3 57. Nxd5 Kxd5 58. Kf1 Kd4 59. Ke1
Ke4 60. Bb7+ Kf4 61. Bc6 Ke5 62. Bb7 Nb5 63. Ke2 Kf4 64. Kd3 Nd4 65. Ba6 Ne6
66. Ke2 Ke4 67. Bb7+ Kd4 68. Ba6 Nc5 69. Bb5 Ke4 70. Bc6+ Kf4 71. Bd5 Ne4 72.
Bb7 Nc3+ 73. Ke1 Nb5 74. Bc6 Nd4 75. Bb7 Ke5 76. Ba6 Nf5 77. Ke2 Kf4 78. Ke1
Ng3 79. Bb5 Ke4 80. Ba6 Nh5 81. Bb7+ Kd4 82. Ke2 Nf4+ 83. Kf3 Nd3 84. Ke2 Nc1+
85. Ke1 Nd3+ 86. Ke2 Nf4+ 87. Kf3 e2 88. Kf2 Kd3 89. Ba6+ Kd2 90. Bxe2 Nxe2 91.
Kf3 Ng3 1/2-1/2

[Event "Figueira da Foz op"]
[Site "Figueira da Foz POR"]
[Date "2021.11.04"]
[Round "6.6"]
[White "Spraggett, Kevin"]
[Black "Vassallo Barroche, Mauricio"]
[Result "1/2-1/2"]
[WhiteElo "2495"]
[BlackElo "2349"]
[PlyCount "57"]
[EventDate "2021.11.01"]
[EventType "swiss"]
[EventRounds "9"]
[EventCountry "POR"]
[Source "ChessMix"]
[SourceDate "2021.11.10"]

1. d4 Nf6 2. c4 g6 3. Nc3 Bg7 4. e4 d6 5. Nf3 O-O 6. Be2 e5 7. O-O exd4 8. Nxd4
Re8 9. f3 c6 10. Kh1 Na6 11. Nc2 Nh5 12. g4 Nf6 13. Be3 Qe7 14. Qd2 Nd7 15.
Rad1 Be5 16. Nd4 Ndc5 17. Rg1 Nc7 18. Rg2 a5 19. Bg5 Bf6 20. Bf4 Be5 21. Bh6
N7a6 22. Be3 a4 23. a3 Nb3 24. Nxb3 axb3 25. Bg5 f6 26. Be3 Nc5 27. Rc1 Be6 28.
Nd1 g5 29. Bd4 1/2-1/2

[Event "Figueira da Foz op"]
[Site "Figueira da Foz POR"]
[Date "2021.11.05"]
[Round "7.8"]
[White "Leite Oralova, Catarina"]
[Black "Spraggett, Kevin"]
[Result "0-1"]
[WhiteElo "2103"]
[BlackElo "2495"]
[PlyCount "25"]
[EventDate "2021.11.01"]
[EventType "swiss"]
[EventRounds "9"]
[EventCountry "POR"]
[Source "ChessMix"]
[SourceDate "2021.11.10"]

1. e4 c5 2. Nf3 Nc6 3. d4 cxd4 4. Nxd4 Nf6 5. Nc3 d6 6. Be2 e5 7. Nf3 h6 8. Be3
Be6 9. O-O Be7 10. a3 O-O 11. Qd3 a6 12. Nd5 Bxd5 13. exd5 0-1

[Event "Figueira da Foz op"]
[Site "Figueira da Foz POR"]
[Date "2021.11.06"]
[Round "8.4"]
[White "Spraggett, Kevin"]
[Black "Garcia Dorado, Alberto"]
[Result "1-0"]
[WhiteElo "2495"]
[BlackElo "2233"]
[PlyCount "109"]
[EventDate "2021.11.01"]
[EventType "swiss"]
[EventRounds "9"]
[EventCountry "POR"]
[Source "ChessMix"]
[SourceDate "2021.11.10"]

1. e4 e6 2. d3 d5 3. Qe2 dxe4 4. dxe4 e5 5. Nf3 Nc6 6. c3 Bc5 7. Qc2 Qe7 8. b4
Bd6 9. Nbd2 a5 10. b5 Nb8 11. Nc4 Nd7 12. Be2 Bc5 13. O-O Ngf6 14. a4 O-O 15.
Bg5 b6 16. Kh1 Bb7 17. Nfd2 h6 18. Bh4 g5 19. Bg3 Bd6 20. Ne3 Rfd8 21. Nf5 Qf8
22. f3 Nh5 23. Nc4 Nxg3+ 24. Nxg3 Bc5 25. Rad1 Qe8 26. Nf5 Bf8 27. Nce3 Nf6 28.
Rde1 Bc8 29. Bc4 Be6 30. Bd5 Bxd5 31. exd5 Qd7 32. c4 Re8 33. Nd1 Bg7 34. Nf2
Kh8 35. g3 Ng8 36. Kg2 f6 37. Ng4 h5 38. Nge3 Bf8 39. h4 Bc5 40. hxg5 Bxe3 41.
Rh1 Qh7 42. Rxh5 Qxh5 43. Rh1 Qxh1+ 44. Kxh1 Bxg5 45. Qh2+ Nh6 46. Nxh6 Re7 47.
Nf7+ Kg7 48. Nxg5 fxg5 49. Qc2 e4 50. fxe4 Rae8 51. Qd2 Kg6 52. d6 Rxe4 53.
dxc7 Re1+ 54. Kg2 R1e2+ 55. Qxe2 1-0

[Event "Figueira da Foz op"]
[Site "Figueira da Foz POR"]
[Date "2021.11.07"]
[Round "9.3"]
[White "Galego, Luis"]
[Black "Spraggett, Kevin"]
[Result "0-1"]
[WhiteElo "2485"]
[BlackElo "2495"]
[PlyCount "112"]
[EventDate "2021.11.01"]
[EventType "swiss"]
[EventRounds "9"]
[EventCountry "POR"]
[Source "ChessMix"]
[SourceDate "2021.11.10"]

1. e4 c5 2. Nf3 e6 3. Nc3 a6 4. g3 d6 5. Bg2 Qc7 6. O-O Nf6 7. d3 Nc6 8. h3 Be7
9. Nh2 b5 10. f4 b4 11. Ne2 a5 12. g4 h6 13. Be3 Nd7 14. Nf3 Nb6 15. c4 bxc3
16. bxc3 d5 17. e5 Ba6 18. Bf2 h5 19. Bg3 hxg4 20. hxg4 g6 21. Rb1 Rb8 22. Qd2
a4 23. Qc2 a3 24. Rfc1 Rb7 25. Qd1 Kd7 26. Ne1 Rhb8 27. Nc2 c4 28. d4 Na4 29.
Rxb7 Rxb7 30. Ne3 Nb2 31. Qf1 Nd3 32. Rc2 Qb8 33. Qf3 Rb1+ 34. Kh2 Qh8+ 35. Bh3
Bb7 36. g5 Nd8 37. Kg2 Ke8 38. Rd2 Rb2 39. Nf1 Bc6 40. Bf2 Kd7 41. Ng1 Kc7 42.
Kg3 Ba4 43. Qe2 Nc6 44. Bg4 Qa8 45. Nf3 Qa5 46. f5 gxf5 47. Bh5 Nd8 48. Be3
Qxc3 49. Bxf7 f4+ 50. Bxf4 Nxf4 51. Kxf4 Nxf7 52. g6 Nh6 53. g7 Rxd2 54. N1xd2
Qc2 55. Qg2 Qf5+ 56. Ke3 Ng8 0-1

[Event "Figueira da Foz op"]
[Site "Figueira da Foz POR"]
[Date "2019.10.28"]
[Round "2.3"]
[White "Gavasheli, Ana"]
[Black "Spraggett, Kevin"]
[Result "1/2-1/2"]
[WhiteElo "2240"]
[BlackElo "2513"]
[PlyCount "224"]
[EventDate "2019.10.27"]
[EventType "swiss"]
[EventRounds "9"]
[EventCountry "POR"]
[Source "ChessMix"]
[SourceDate "2019.11.10"]

1. Nf3 Nf6 2. g3 d6 3. Bg2 e5 4. d3 c6 5. e4 Be7 6. O-O O-O 7. Nc3 b5 8. a3 a5
9. d4 Qc7 10. Re1 Nbd7 11. d5 cxd5 12. Nxd5 Nxd5 13. Qxd5 Ba6 14. Bg5 Nb6 15.
Qd1 Na4 16. Bxe7 Qxe7 17. Rb1 Nc5 18. Nd2 b4 19. axb4 axb4 20. Re3 Rab8 21. Ra1
Rfd8 22. Bf1 Bb7 23. Qe1 Bc6 24. Bc4 Kh8 25. Nb3 Na4 26. Na5 Be8 27. Bd5 Nxb2
28. Rb3 Na4 29. Rxb4 Nc5 30. Nc6 Bxc6 31. Bxc6 Rbc8 32. Bd5 g6 33. Qe3 Kg7 34.
Rab1 Rc7 35. Rf1 Nd7 36. c4 Nf6 37. Rfb1 h5 38. h4 Rdc8 39. Qf3 Nxd5 40. cxd5
Rc3 41. Qd1 Qa7 42. R4b3 R8c4 43. Rxc3 Rxc3 44. Kg2 Qc5 45. Qe2 Qa7 46. Qd2 Qa4
47. Re1 Rc2 48. Qe3 Qb4 49. Re2 Rc3 50. Qd2 Qc4 51. Re1 Rd3 52. Qb2 Rd4 53. Qe2
Qc3 54. Rd1 Qb3 55. Re1 Qb4 56. Qe3 Rc4 57. Qe2 Rc3 58. Rd1 Qa4 59. Re1 Rc2 60.
Qf3 Qa2 61. Qe3 Qb2 62. Qf3 Rd2 63. Rd1 Re2 64. Kf1 Rc2 65. Kg2 Qb4 66. Qe3 Rc4
67. Re1 Rd4 68. Kg1 Qb5 69. Kg2 Rd3 70. Qe2 Qc4 71. Kg1 Qd4 72. Kg2 Rd2 73. Qe3
Qxe3 74. Rxe3 f5 75. Kf1 fxe4 76. Rxe4 Rxd5 77. Ke2 Kf6 78. Ra4 Rb5 79. Ra6 Ke6
80. Ra8 d5 81. Rg8 Kf7 82. Rd8 Ke7 83. Rg8 Rb6 84. Ke3 Rd6 85. f3 Re6 86. g4
hxg4 87. fxg4 Ra6 88. Rg7+ Kf6 89. Rd7 Ra3+ 90. Ke2 d4 91. Rd6+ Kf7 92. h5 gxh5
93. gxh5 Rh3 94. h6 Ke7 95. Ra6 e4 96. Ra4 Rh2+ 97. Ke1 Ke6 98. Rxd4 Ke5 99.
Ra4 Rxh6 100. Ke2 Kf4 101. Ra3 Rb6 102. Kf2 Rb2+ 103. Ke1 Rh2 104. Rc3 Rg2 105.
Ra3 Rg3 106. Rxg3 Kxg3 107. Ke2 Kf4 108. Kf2 e3+ 109. Ke2 Ke4 110. Ke1 Kd3 111.
Kd1 e2+ 112. Ke1 Ke3 1/2-1/2

[Event "Figueira da Foz op"]
[Site "Figueira da Foz POR"]
[Date "2019.10.29"]
[Round "3.5"]
[White "Spraggett, Kevin"]
[Black "Gomez Dieguez, David"]
[Result "1/2-1/2"]
[WhiteElo "2513"]
[BlackElo "2336"]
[PlyCount "167"]
[EventDate "2019.10.27"]
[EventType "swiss"]
[EventRounds "9"]
[EventCountry "POR"]
[Source "ChessMix"]
[SourceDate "2019.11.10"]

1. g3 Nf6 2. Bg2 c5 3. c4 Nc6 4. Nc3 e6 5. Nf3 Be7 6. O-O a6 7. d4 cxd4 8. Nxd4
Qc7 9. b3 d6 10. Bb2 Bd7 11. Rc1 Nxd4 12. Qxd4 O-O 13. Rfd1 Rfd8 14. h3 Bf8 15.
g4 h6 16. Qe3 Rac8 17. g5 hxg5 18. Qxg5 Qb8 19. a4 Bc6 20. e4 Be8 21. Rd3 Rc5
22. Nd5 exd5 23. exd5 Nh7 24. Qh4 Rd7 25. Rg3 Qd8 26. Qd4 f6 27. b4 Rcc7 28. c5
dxc5 29. bxc5 Bf7 30. d6 Bxd6 31. cxd6 Rxd6 32. Qf4 Rxc1+ 33. Bxc1 Rd1+ 34. Kh2
Rd4 35. Qe3 Rxa4 36. Bxb7 Qc7 37. Bg2 Ra5 38. Qd3 Rc5 39. Be3 Rb5 40. Qd4 Qe5
41. Qg4 f5 42. Qa4 Qd6 43. Bf4 Qf6 44. Rd3 Nf8 45. Bd6 Rb2 46. Qxa6 Rxf2 47.
Qa8 Bc4 48. Bxf8 Rxg2+ 49. Kxg2 Qg5+ 50. Kh2 Qf4+ 51. Rg3 Qd2+ 52. Rg2 Qf4+ 53.
Rg3 Qd2+ 54. Qg2 Qxg2+ 55. Rxg2 Kxf8 56. Rf2 Bd3 57. Rd2 Be4 58. h4 Kg8 59. Kg3
Kh7 60. Rd6 g6 61. Kf4 Kh6 62. Rd8 Bg2 63. Rg8 Bf1 64. Kf3 Bh3 65. Kf2 Bg4 66.
Kg3 Kh7 67. Rd8 Kh6 68. Kf4 Bh5 69. Ke5 Kg7 70. Rd7+ Kf8 71. Kf6 Kg8 72. Kg5
Kf8 73. Rd6 Kg7 74. Rf6 Kh7 75. Rb6 Kg7 76. Rb7+ Kf8 77. Rc7 Kg8 78. Kh6 Kf8
79. Kh7 f4 80. Rc4 f3 81. Rf4+ Ke7 82. Kh6 Kd6 83. Kg5 Ke5 84. Rxf3 1/2-1/2

[Event "Figueira da Foz op"]
[Site "Figueira da Foz POR"]
[Date "2019.10.30"]
[Round "4.4"]
[White "Spraggett, Kevin"]
[Black "Martin Duque, Jesus"]
[Result "1-0"]
[WhiteElo "2513"]
[BlackElo "2445"]
[PlyCount "141"]
[EventDate "2019.10.27"]
[EventType "swiss"]
[EventRounds "9"]
[EventCountry "POR"]
[Source "ChessMix"]
[SourceDate "2019.11.10"]

1. c4 e5 2. Nc3 Bb4 3. Qb3 a5 4. Nf3 d6 5. e3 Nf6 6. Be2 O-O 7. O-O Re8 8. d3
Bxc3 9. Qxc3 c5 10. b3 Nc6 11. a3 b6 12. Re1 d5 13. cxd5 Nxd5 14. Qc2 Ba6 15.
Bb2 Rc8 16. Bf1 f6 17. Rad1 Qd7 18. Nd2 Kh8 19. Nc4 Rb8 20. Rc1 Rec8 21. Qd1
Rd8 22. h3 Qf7 23. Qc2 Qd7 24. Ba1 Rdc8 25. Nb2 Rd8 26. Red1 Qe6 27. Na4 Nde7
28. Rb1 Qf7 29. Be2 Qg6 30. Rd2 Bc8 31. Kh2 Bf5 32. Nc3 Rbc8 33. Qd1 Rd7 34.
Na4 Rb8 35. Rc1 Qf7 36. Bh5 Qg8 37. Be2 Qd8 38. Kg1 Rd6 39. Qc2 Be6 40. Rdd1
Nd5 41. Nb2 Rc8 42. Nc4 Rd7 43. Nd2 Nde7 44. Ne4 Qg8 45. Rb1 Nd5 46. Re1 Rdd8
47. Bf1 Qf7 48. Kh2 Qg6 49. g3 Qh6 50. f4 exf4 51. gxf4 Re8 52. Qf2 Rcd8 53.
Nd2 Bc8 54. Nc4 Nce7 55. Rbd1 Ng6 56. d4 Bg4 57. Rc1 cxd4 58. Bxd4 Re4 59. Qg2
Ndxf4 60. Qxg4 Nxh3 61. Qxh3 Rh4 62. Nd6 Kg8 63. Nf5 Rxh3+ 64. Bxh3 Qh5 65. Rc7
Ne5 66. Rxg7+ Kf8 67. Bxe5 Rd2+ 68. Kg3 fxe5 69. Rc1 Qxf5 70. Bxf5 Kxg7 71.
Rc7+ 1-0

[Event "Figueira da Foz op"]
[Site "Figueira da Foz POR"]
[Date "2019.10.31"]
[Round "5.3"]
[White "Clarke, Brandon"]
[Black "Spraggett, Kevin"]
[Result "1-0"]
[WhiteElo "2445"]
[BlackElo "2513"]
[PlyCount "75"]
[EventDate "2019.10.27"]
[EventType "swiss"]
[EventRounds "9"]
[EventCountry "POR"]
[Source "ChessMix"]
[SourceDate "2019.11.10"]

1. e4 c6 2. d4 d5 3. e5 Bf5 4. Nf3 e6 5. Be2 Ne7 6. O-O Ng6 7. Be3 Nd7 8. Nbd2
f6 9. exf6 Nxf6 10. h3 Bd6 11. g4 Be4 12. Ng5 h6 13. Ngxe4 Nxe4 14. Bd3 Qh4 15.
Qf3 Rf8 16. Qg2 Nf4 17. Bxf4 Bxf4 18. Nxe4 dxe4 19. Bxe4 O-O-O 20. Rad1 Bc7 21.
b4 h5 22. gxh5 Qxh5 23. Rd3 Rf4 24. a4 Qh4 25. Re1 Rdf8 26. Re2 Qh5 27. Rde3 e5
28. c3 exd4 29. cxd4 Bb6 30. Bxc6 Rxd4 31. Bxb7+ Kb8 32. Ba6 Rd1+ 33. Re1 Rxe1+
34. Rxe1 Bxf2+ 35. Kh1 Qf7 36. Rf1 Kc7 37. Qb7+ Kd6 38. Qxf7 1-0

[Event "Figueira da Foz op"]
[Site "Figueira da Foz POR"]
[Date "2019.11.01"]
[Round "6.6"]
[White "Spraggett, Kevin"]
[Black "Garcia, Alvaro"]
[Result "1-0"]
[WhiteElo "2513"]
[BlackElo "2170"]
[PlyCount "79"]
[EventDate "2019.10.27"]
[EventType "swiss"]
[EventRounds "9"]
[EventCountry "POR"]
[Source "ChessMix"]
[SourceDate "2019.11.10"]

1. Nf3 d5 2. e3 e6 3. c4 Nf6 4. b3 b6 5. Bb2 Bd6 6. Nc3 a6 7. g3 Bb7 8. Bg2 O-O
9. O-O dxc4 10. bxc4 Nbd7 11. Qc2 Rb8 12. a4 Ne5 13. Nxe5 Bxe5 14. f3 Bd6 15.
Rad1 Qe7 16. d3 Rfd8 17. Ba1 e5 18. Kh1 Ba8 19. Rfe1 Qe6 20. Rb1 h5 21. Qe2 Bc5
22. Rbd1 Rd7 23. h4 Bd6 24. Kh2 Rdd8 25. e4 Bc6 26. Bb2 Qe8 27. Ra1 Nd7 28. a5
bxa5 29. Rxa5 Bb4 30. Ra2 Nc5 31. Rd1 a5 32. Nd5 Ba4 33. Rda1 Bb3 34. Rxa5 Bxa5
35. Rxa5 Ne6 36. Bxe5 Rb7 37. f4 c6 38. Ne3 f6 39. Bc3 Qf7 40. e5 1-0